000 00409nam a2200181Ia 4500
001 9711
005 20260306161738.0
008 260306t2014||||xx |||||||||||||| ||spa||
041 _aESP
082 _a401.43
_bG23
100 _aGarcía Murga, Fernando
_eAUT
245 0 _aSemántica
260 _c2014
300 _a282 páginas :
_c23 cm.
650 _aGEN
654 _aCHU
942 _cLIB
_dJUS
_fJUS
_2ddc
_n
999 _c9711
_d9711